Tratado de auditoría

Saved in:
Bibliografiske detaljer
Main Authors: Seoane, Joaquín Raúl (Author), Seoane, Jorge (Author), Spinosa Cattela, J. E (Author)
Format: Bog
Sprog:spansk
Udgivet: Buenos Aires Selección Contable 1946
Fag:
Tags: Tilføj Tag
Ingen Tags, Vær først til at tagge denne postø!

MARC

LEADER 00000nam a2200000 a 4500
001 UCQ0630
003 CL-VaPUC
008 980703e19460000AG |||||||||||||||||spa|d
082 0 4 |a 657.45  |b SEO  |2 21 
100 0 |a Seoane, Joaquín Raúl  |e author  |9 413857 
700 0 |a Seoane, Jorge  |e author  |9 413858 
700 0 |a Spinosa Cattela, J. E  |e author  |9 413859 
245 1 0 |a Tratado de auditoría 
300 |a 3 v 
942 |c BK 
945 |d 19980703 00:00:00  |a cmena 
260 |a Buenos Aires  |b Selección Contable  |c 1946 
650 0 |a Auditoría  |9 307008 
650 0 |a Contabilidad   |9 261430 
650 0 |a Costos   |9 261063 
650 0 |a Estados de cuentas  |9 352305 
650 0 |a Administración financiera  |9 261146 
650 0 |a Control presupuestario  |9 345693 
583 |a last modification  |c 19980703 00:00:00  |k Rodrigo Vera 
999 |c 271668  |d 271666 
952 |0 0  |1 0  |4 0  |6 657_450000000000000_SEO_1946  |7 0  |8 A  |9 306389  |a BIBGIM  |b BIBGIM  |d 2019-11-20  |h v.1  |i 1428462  |o 657.45 SEO 1946  |p 1428462  |r 2025-01-15  |w 2019-11-20  |y BK  |k COM 
952 |0 0  |1 0  |4 0  |6 657_450000000000000_SEO_1946  |7 0  |8 A  |9 306390  |a BIBGIM  |b BIBGIM  |d 2019-11-20  |h v.2  |i 1428470  |o 657.45 SEO 1946  |p 1428470  |r 2025-01-15  |w 2019-11-20  |y BK  |k COM 
952 |0 0  |1 0  |4 0  |6 657_450000000000000_SEO_1946  |7 0  |8 A  |9 306391  |a BIBGIM  |b BIBGIM  |d 2019-11-20  |h v.3  |i 1428489  |o 657.45 SEO 1946  |p 1428489  |r 2025-01-15  |w 2019-11-20  |y BK  |k COM